Hravolamy po anglicky hádanky, krížovky, doplňovačky : niveau A1-B2
| Format: | Book |
|---|---|
| Language: | Slovak English German |
| PhysicalDescription: | 176 s. ilustr. 21 cm |
| Published: |
Bratislava
Dr. Josef Raabe Slovensko
2017
|
| ISBN: | 9788081402722 (brož.) |
| Series: | PONS (Raabe)
|
| Subjects: |
MARC
| LEADER | 00000cam a2200000 a 4500 | ||
|---|---|---|---|
| 001 | vtls011699198 | ||
| 003 | SK-MaSNL | ||
| 005 | 20260426010021.0 | ||
| 008 | 180116s2017 xo a g 000 0 slo | ||
| 015 | |a SNBA2018/02 | ||
| 020 | |a 9788081402722 (brož.) | ||
| 040 | |a SNK |b slo |c SNK |e AACR2 | ||
| 041 | 1 | |a slo |a eng |h ger | |
| 044 | |a xo |c SK | ||
| 072 | 7 | |a 811.111 |x Angličtina |2 konspekt | |
| 072 | 7 | |a 79 |x Rekreácia. Voľný čas. Zábavy. Hry. Šport |2 konspekt | |
| 080 | |a 811.111 |2 2011 | ||
| 080 | |a 79 |2 2011 | ||
| 080 | |a (076.1) |2 2011 | ||
| 080 | |a 82-193.1 |2 2011 | ||
| 080 | |a 793.7 |2 2011 | ||
| 130 | 0 | |a 250 Rätsel in Englisch |l Slovensky |9 662081 | |
| 245 | 1 | 0 | |a Hravolamy po anglicky |b hádanky, krížovky, doplňovačky : niveau A1-B2 |c [manažér projektu: Viera Machová] |
| 246 | 3 | |a Zweihundertfünfzig Rätsel in Englisch | |
| 260 | |a Bratislava |b Dr. Josef Raabe Slovensko |c 2017 | ||
| 300 | |a 176 s. |b ilustr. |c 21 cm | ||
| 490 | 1 | |a PONS | |
| 500 | |a Názov z obalu | ||
| 504 | |a Anglicko-slovenský slovník ; zoznam obrázkov | ||
| 650 | 0 | 7 | |a angličtina |2 SNKPH |9 1260 |
| 650 | 0 | 7 | |a zábava |2 SNKPH |9 3354 |
| 650 | 0 | 7 | |a hádanky |2 SNKPH |9 1511 |
| 650 | 0 | 7 | |a hlavolamy |2 SNKPH |9 3312 |
| 650 | 0 | 7 | |a entertainment |2 SNKPHeng |9 270863 |
| 650 | 0 | 7 | |a Conundrums |2 SNKPHeng |9 349584 |
| 650 | 0 | 7 | |a Riddles |2 SNKPHeng |9 312972 |
| 650 | 0 | 7 | |a English language |2 SNKPHeng |9 279139 |
| 655 | 7 | |a pracovné zošity |2 SNKPH |9 70188 | |
| 655 | 7 | |a Activity books |2 SNKPHeng |9 302885 | |
| 700 | 1 | |a Machová, Viera |4 oth |9 349585 | |
| 830 | 0 | |a PONS (Raabe) |9 349586 | |
| 852 | |a Štátna vedecká knižnica v Banskej Bystrici | ||
| 919 | |a 978-80-8140-272-2 | ||
| 999 | |c 1022913 |d 1024843 | ||
| 952 | |a SNK |b SNK |y PREZ |7 0 |p 17A1307201 |o snkOSE 5273 |i snk2018/1048 |8 0 |0 0 |1 0 |4 0 |d 2018-01-15 |l 0 |r 2026-02-24 13:29:38 |w 2026-02-24 | ||
| 952 | |a SNK |b SNK |y PREZ |7 0 |p 17A1307202 |o snkOSE 5273 D1 |i snk2018/1049 |8 0 |0 0 |1 0 |4 0 |d 2018-01-15 |l 0 |r 2026-02-24 13:29:38 |w 2026-02-24 | ||


